Mots en U par définition - Statistiques

Statistiques générales
  • Ce quiz a été pris 233 fois
  • Le résultat moyen est 17 sur 20
Statistiques - réponses
Genre Définition Mot % Correct
Nom Féminin Boîte servant à recevoir les bulletins de vote, les numéros tirés au sort, etc. Urne
99%
Nom Féminin Établissement industriel où, à l'aide de machines, s'effectue la transformation des matières premières ou semi-ouvrées en produits finis. Usine
95%
Nom Masculin Petite guitare hawaiienne, apparue au XIXème s., d'après un modèle de guitare portugaise. Ukulélé
93%
Nom Féminin Relation existant entre deux ou plusieurs choses, deux ou plusieurs personnes qui forment un ensemble. Union
93%
Nom Masculin Métal lourd, radioactif. Élément chimique de symbole U, de numéro atomique 92, de masse atomique 238,03. Uranium
93%
Nom Masculin Vêtement de coupe et de couleur réglementaires porté par divers corps de l'État et diverses catégories de personnels (pilotes, gardes-chasse, etc.). Uniforme
92%
Nom Masculin Conduit allant du col de la vessie au méat urétral, qui permet l'écoulement de l'urine et, chez l'homme, le passage du sperme. Urètre
92%
Nom Masculin Organe de l'appareil génital de la femme et des mammifères femelles, compris entre les trompes de Fallope et le vagin, et destiné à héberger l'œuf fécondé jusqu'à son complet développement et à l'expulser au terme de la grossesse. Utérus
92%
Nom & Adjectif Se dit de quelqu'un qui a subi l'amputation d'une jambe. Unijambiste
89%
Nom Masculin Objet servant aux travaux domestiques, en particulier à la cuisine. Ustensile
89%
Nom Féminin Caractère, qualité de quelque chose ou de quelqu'un qui sert à quelque chose. Utilité
89%
Nom Féminin Construction imaginaire et rigoureuse d'une société, qui constitue, par rapport à celui qui la réalise, un idéal ou un contre-idéal. Utopie
87%
Nom Féminin Détérioration progressive par frottement, érosion, utilisation. Usure
85%
Nom Féminin Phénomène démographique se traduisant par une tendance à la concentration de la population dans les villes. Urbanisation
84%
Nom Masculin Ensemble de tout ce qui existe. Univers
83%
Nom Masculin Vibration de même nature que le son, mais de fréquence trop élevée pour que l'oreille humaine puisse la percevoir. Ultrason
82%
Nom Féminin Maladie dermatologique caractérisée par l'apparition de plaques rouges en relief, souvent très prurigineuses. Urticaire
79%
Nom Masculin Note par laquelle un État somme un autre État de donner satisfaction à un certain nombre d'exigences dans un délai limité, et de façon péremptoire, faute de quoi l'état de guerre naît automatiquement à l'expiration du délai. Ultimatum
75%
Nom Masculin Désigne anonymement une personne. Souvent avec une majuscule et parfois en deux mots. Untel
61%
Nom Féminin Situation qui peut entraîner un préjudice irréparable s'il n'y est porté remède à bref délai. Urgence
48%
Aucun quiz correspondant
Distribution des résultats
% des personnes avec chaque résultat
Percentile par nombre de réponses
Votre historique - résultats
Vous n’avez pas pris ce quiz